| 000 | 01165nam a2200289 a 4500 | ||
|---|---|---|---|
| 999 |
_c390396 _d390396 |
||
| 003 | BLK | ||
| 005 | 20230715005314.0 | ||
| 008 | 201021b bu |||||r|||||00| | bu d | ||
| 040 | _aBLK | ||
| 041 |
_aRUS _cRUS |
||
| 080 |
_aРуска литература _b821.161.1 _x(081.1) _z821.161.1(081.1) |
||
| 100 |
_aПушкин, Александр Сергеевич _d1799-1837 _9262126 |
||
| 139 | _aПушкин, Александр Сергеевич | ||
| 245 |
_aСочинения А. С. Пушкина _bПолноеое собрание в 10 т. _cАлександр Сергеевич Пушкин : под ред. А. Скабичевскаго _nТ. 5. |
||
| 250 | _a3-е изд. | ||
| 257 | _aRUS | ||
| 260 |
_9217910 _aСанкт-Петербург _bИзд. т-ва Общественная польза _c1887- |
||
| 300 | _c15 см | ||
| 380 | _aX | ||
| 490 |
_9435080 _aКолекция Редки и ценни издания |
||
| 505 | _tТ. 6. | ||
| 700 |
_91311 _aСкабичевский, А. М. _eред. |
||
| 760 |
_b1887 _h355 с. _oТ. 5. |
||
| 852 |
_aРр 887 _bРц |
||
| 942 |
_cKNG _n0 _s1 |
||
| 944 |
_c2020-10-21 _k _lCRON CRON |
||